Movies Quiz

Random Movies or Actress Quiz

Actress by A-B-C Movies Quiz Stats

Quiz Updated Apr 8, 2013

Challenge
Share
Tweet
Embed
Score 0/28 Timer 06:00
0 Plays Today
% Correct
Cameron Diaz
92.4%
Natalie Portman
90.7%
Renée Zellweger
90.2%
Audrey Hepburn
87.4%
Nicole Kidman
86%
Sharon Stone
80.6%
Jamie Lee Curtis
78.4%
Geena Davis
78.4%
Helena Bonham Carter
77.7%
Angelina Jolie
74.9%
Hilary Swank
74.5%
Demi Moore
74.3%
Sissy Spacek
70.8%
Zoe Saldana
70.6%
% Correct
Heather Graham
70.1%
Jennifer Connelly
68.2%
Faye Dunaway
64%
Susan Sarandon
63.8%
Elizabeth Taylor
63.2%
Penélope Cruz
61.9%
Reese Witherspoon
61%
Elisabeth Shue
59.7%
Frances McDormand
47.8%
Julianne Moore
44.7%
Marisa Tomei
44.1%
Laura Dern
35.9%
Catherine Keener
35.1%
Tilda Swinton
31.5%

You're not logged in!

Compare scores with friends on all Sporcle quizzes.
Sign Up with Email
OR
Log In

You Might Also Like...

Show Comments

Extras

Top Quizzes Today


Score Distribution

Your Account Isn't Verified!

In order to create a playlist on Sporcle, you need to verify the email address you used during registration. Go to your Sporcle Settings to finish the process.